00560nam a2200205 a 450000100060000000300090000600800410001502000150005604000280007108200100009910000230010924500290013226000310016130000130019249000180020559000690022365000330029294200120032599900170033713401CO-ViMGA141112s2004 ck r 000 u spa d a9580425825 aCO-ViMGAbspacCO-ViMGA aKASch1 aKasza, Keiko9287210aChoco encuentra una mama aBogotá : bNorma, c1999 a30 : ils aBuenas noches aForma de adquisición : Proyecto 2005 - - Precio : 12.870 Ej.114aCUENTOS INFANTILES JAPONESES 2ddccBK c11441d11441